[Event "Varadero Elite"]
[Site "Varadero"]
[Date "2023.10.04"]
[Round "4"]
[White "Mateus Urbano, Luis Alejandro"]
[Black "Yanes Canizares, Alejandro"]
[Result "0-1"]
[WhiteElo "2257"]
[BlackElo "2400"]
[PlyCount "102"]
[EventDate "2023.10.03"]
[EventType "tourn"]
[EventRounds "9"]
[EventCountry "CUB"]
[EventCategory "4"]
[SourceTitle "CBM 216 Extra"]
[Source "ChessBase"]
[SourceDate "2023.11.30"]
[SourceVersion "1"]
[SourceVersionDate "2023.11.30"]
[SourceQuality "1"]

1. e4 e5 2. Nf3 Nc6 3. Bb5 a6 4. Ba4 Nf6 5. 0-0 Be7 6. Re1 b5 7. Bb3 d6 8. c3 0-0 9. h3 Nb8 10. d4 Nbd7 11. Nbd2 Bb7 12. Bc2 Re8 13. Nf1 Bf8 14. Ng3 g6 15. a4 c6 16. Bg5 Bg7 17. Qd2 Qc7 18. Nh2 exd4 19. cxd4 c5 20. d5 Ne5 21. Bh6 Bxh6 22. Qxh6 Qe7 23. f4 Ned7 24. Nf3 Qf8 25. Qh4 Qg7 26. Rf1 h6 27. Rae1 Nh7 28. e5 dxe5 29. fxe5 Nxe5 30. Be4 Nxf3+ 31. Bxf3 Ng5 32. Rd1 Qe5 33. Rfe1 Qf6 34. Kh1 Rxe1+ 35. Rxe1 Rd8 36. Rf1 Kg7 37. axb5 axb5 38. Be2 Qe5 39. Bxb5 Bxd5 40. Qf4 Qxf4 41. Rxf4 Rb8 42. Bc4 Rb4 43. b3 Nxh3 44. Rf1 Bxc4 45. bxc4 Ng5 46. Rf4 f5 47. Kh2 Ne6 48. Rf1 Rxc4 49. Ra1 Rc2 50. Nf1 f4 51. Kh3 h5 0-1

[Event "Varadero Elite"]
[Site "Varadero"]
[Date "2023.10.03"]
[Round "2"]
[White "Mateus Urbano, Luis Alejandro"]
[Black "Rodriguez Hernandez, Luis Daniel"]
[Result "0-1"]
[WhiteElo "2257"]
[BlackElo "2385"]
[PlyCount "104"]
[EventDate "2023.10.03"]
[EventType "tourn"]
[EventRounds "9"]
[EventCountry "CUB"]
[EventCategory "4"]
[SourceTitle "CBM 216 Extra"]
[Source "ChessBase"]
[SourceDate "2023.11.30"]
[SourceVersion "1"]
[SourceVersionDate "2023.11.30"]
[SourceQuality "1"]

1. e4 c5 2. Nf3 d6 3. d4 cxd4 4. Nxd4 Nf6 5. Nc3 Nc6 6. Bg5 e6 7. Qd3 Bd7 8. 0-0-0 a6 9. f4 h6 10. Bh4 Be7 11. Nf3 b5 12. e5 dxe5 13. fxe5 Nb4 14. Qd4 Nfd5 15. Nxd5 Nxd5 16. Bxe7 Qxe7 17. Bd3 Rc8 18. Kb1 Qb4 19. Qxb4 Nxb4 20. Be4 Bc6 21. Bxc6+ Rxc6 22. Rd2 Ke7 23. Rhd1 Nd5 24. Nd4 Rc5 25. Rd3 Rb8 26. g3 b4 27. Nb3 Rc7 28. Nd4 Rc5 29. Nb3 Rc7 30. Nd4 g6 31. Rf1 Rd8 32. Ne2 Rdd7 33. Rfd1 Ne3 34. Rxd7+ Rxd7 35. Rd4 Rxd4 36. Nxd4 Kd7 37. a3 bxa3 38. b3 Ng4 39. Ka2 Nxh2 40. Kxa3 Ng4 41. Nf3 Kc6 42. Kb4 Ne3 43. c4 Kb6 44. Nd4 a5+ 45. Kc3 Nf5 46. Ne2 Kc5 47. Kd3 h5 48. Nc3 Nxg3 49. Na4+ Kc6 50. Ke3 g5 51. Nc3 Nf5+ 52. Kd3 h4 0-1